| 000 | 00850nam a2200253Ia 4500 | ||
|---|---|---|---|
| 005 | 20220317000229.0 | ||
| 008 | 141031s2010 sp a0 sga d s s spa | ||
| 020 | _a9788497292481 | ||
| 082 | 0 | 4 |
_a796.1 _bN18f |
| 100 | 1 | _aNavas Torres, Miguel | |
| 245 | 1 | 0 |
_aFichero de juegos individuales y de grupo _cMiguel Navas Torres |
| 250 | _aCuarta edición | ||
| 264 |
_aBarcelona _bInde Publicaciones _c2010 |
||
| 300 |
_a8 páginas, [119] páginas sin enumerar _bilustraciones en blanco y negro _c14 cm. |
||
| 336 |
_atexto _btxt _2rdacontent |
||
| 337 |
_asin mediación _bn _2rdamedia |
||
| 338 |
_avolumen _bnc _2rdacarrier |
||
| 490 | _aFicheros de juegos y actividades | ||
| 650 | 1 | 4 |
_2LEMB _aJuegos en grupo |
| 650 | 1 | 4 |
_2LEMB _aJuegos educativos |
| 650 | 1 | 4 |
_2LEMB _aEducación física |
| 942 |
_2ddc _cBK |
||
| 040 |
_aCO-BoRNBP _bspa _erda _cCO-BoRNBP |
||
| 999 |
_c3464 _d3464 |
||